[Event "Olot Volcans op 3rd"]
[Site "Olot"]
[Date "2012.06.09"]
[Round "6"]
[White "Romero Isado, Jose Luis"]
[Black "Casulleras Chalaux, Oriol"]
[Result "0-1"]
[WhiteElo "1930"]
[BlackElo "1770"]
[PlyCount "72"]
[EventDate "2012.05.26"]
[EventType "swiss"]
[EventRounds "8"]
[EventCountry "ESP"]
[SourceTitle "CBM 148 Extra"]
[Source "ChessBase"]
[SourceDate "2012.06.22"]
[SourceVersion "1"]
[SourceVersionDate "2012.06.22"]
[SourceQuality "1"]

1. e4 c6 2. d4 d5 3. e5 Bf5 4. Nc3 e6 5. Nf3 Nd7 6. Be3 Rc8 7. Bd3 Bg6 8. 0-0 c5 9. Bxg6 fxg6 10. Ng5 Rc6 11. f4 Ne7 12. dxc5 Nf5 13. Bf2 Bxc5 14. Bxc5 Nxc5 15. Rf2 Qb6 16. Rb1 Ne3 17. Qd4 Nf5 18. Qd2 h6 19. Nf3 0-0 20. b4 Ne4 21. Nxe4 dxe4 22. Qe2 exf3 23. Qxf3 Rxc2 24. Kf1 Rxf2+ 25. Qxf2 Qxf2+ 26. Kxf2 Rc8 27. Rb2 Rc4 28. g3 Nd4 29. Ke3 Nc6 30. b5 Ne7 31. Kd3 Ra4 32. Ke2 Nd5 33. h3 Ra3 34. Kf2 Nc3 35. Kg2 Rxa2 36. Rxa2 Nxa2 0-1

[Event "Olot Volcans op 3rd"]
[Site "Olot"]
[Date "2012.05.26"]
[Round "2"]
[White "Romero Isado, Jose Luis"]
[Black "Mundet Riera, Jaume"]
[Result "0-1"]
[WhiteElo "1930"]
[BlackElo "2284"]
[PlyCount "37"]
[EventDate "2012.05.26"]
[EventType "swiss"]
[EventRounds "8"]
[EventCountry "ESP"]
[SourceTitle "CBM 148 Extra"]
[Source "ChessBase"]
[SourceDate "2012.06.22"]
[SourceVersion "1"]
[SourceVersionDate "2012.06.22"]
[SourceQuality "1"]

1. e4 d6 2. d4 Nf6 3. Nc3 e5 4. dxe5 dxe5 5. Qxd8+ Kxd8 6. Bg5 Be6 7. Bxf6+ gxf6 8. 0-0-0+ Bd6 9. Nd5 Nd7 10. Bc4 Nb6 11. Nxb6 axb6 12. Bxe6 fxe6 13. Kb1 Ra4 14. f3 Ke7 15. Ne2 b5 16. Nc3 Ra5 17. Rd3 Rha8 18. a4 b4 19. Rxd6 0-1

[Event "Girona-ch"]
[Site "Girona"]
[Date "2012.02.10"]
[Round "5"]
[White "Blasco Vidal, Joan"]
[Black "Romero Isado, Jose Luis"]
[Result "0-1"]
[WhiteElo "1697"]
[BlackElo "1792"]
[PlyCount "72"]
[EventDate "2012.01.13"]
[EventType "swiss"]
[EventRounds "9"]
[EventCountry "ESP"]
[SourceTitle "EXT 2013"]
[Source "ChessBase"]
[SourceDate "2012.11.22"]
[SourceVersion "1"]
[SourceVersionDate "2012.11.22"]
[SourceQuality "1"]

1. d4 d5 2. c4 e6 3. Nc3 Nf6 4. e3 Be7 5. Nf3 b6 6. cxd5 Nxd5 7. Bc4 Nxc3 8. bxc3 0-0 9. e4 Bb7 10. Qd3 Re8 11. 0-0 a6 12. a4 Nd7 13. Ba3 Nf6 14. Rfe1 Qd7 15. Bb3 Rac8 16. Bc2 c5 17. e5 c4 18. Qe2 Nd5 19. Bb2 g6 20. Nd2 b5 21. axb5 axb5 22. Be4 Rc7 23. Bxd5 Bxd5 24. Qe3 Qc6 25. f3 Kg7 26. Bc1 h6 27. Ne4 Rh8 28. Ba3 Bxe4 29. Bxe7 Rxe7 30. fxe4 Rf8 31. Rf1 Rb7 32. Qf3 b4 33. cxb4 Rxb4 34. Ra7 Rb7 35. Ra3 Qb6 36. Qd1 Rd8 0-1

[Event "Girona-ch"]
[Site "Girona"]
[Date "2012.01.20"]
[Round "2"]
[White "Romero Isado, Jose Luis"]
[Black "Vidal Zamora, Alex"]
[Result "0-1"]
[WhiteElo "1792"]
[BlackElo "2183"]
[PlyCount "66"]
[EventDate "2012.01.13"]
[EventType "swiss"]
[EventRounds "9"]
[EventCountry "ESP"]
[SourceTitle "EXT 2013"]
[Source "ChessBase"]
[SourceDate "2012.11.22"]
[SourceVersion "1"]
[SourceVersionDate "2012.11.22"]
[SourceQuality "1"]

1. e4 c5 2. Nf3 e6 3. Nc3 a6 4. d4 cxd4 5. Nxd4 b5 6. Bd3 Bb7 7. Be3 Qc7 8. Qd2 Nf6 9. Bg5 b4 10. Nce2 Nxe4 11. Qe3 Nxg5 12. Qxg5 Nc6 13. 0-0 Qe5 14. Qxe5 Nxe5 15. Rfe1 Bc5 16. h3 f5 17. Rad1 0-0 18. Nb3 Bb6 19. Nf4 Ng6 20. Nxg6 hxg6 21. Be2 d5 22. Bf3 Rfe8 23. Re2 Rad8 24. Rde1 Kf7 25. Nc1 Bc6 26. Nd3 Bb5 27. Ne5+ Kf6 28. Rd2 Ba5 29. b3 Bb6 30. Be2 Bxe2 31. Rdxe2 a5 32. Nxg6 Kxg6 33. Rxe6+ Kf7 0-1

[Event "Figueres op 12th"]
[Site "Figueres"]
[Date "2011.08.17"]
[Round "8"]
[White "Romero Isado, Jose Luis"]
[Black "Gonzalez Pabollet, Jesus Maria"]
[Result "0-1"]
[WhiteElo "1693"]
[BlackElo "1933"]
[PlyCount "70"]
[EventDate "2011.08.11"]
[EventType "swiss"]
[EventRounds "9"]
[EventCountry "ESP"]
[SourceTitle "CBM 143 Extra"]
[Source "ChessBase"]
[SourceDate "2011.08.29"]
[SourceVersion "1"]
[SourceVersionDate "2011.08.29"]
[SourceQuality "1"]

1. e4 c5 2. Nf3 Nc6 3. d4 cxd4 4. Nxd4 Nf6 5. Nc3 e6 6. Bd3 Nxd4 7. Bg5 Qa5 8. Be3 Nc6 9. 0-0 Bc5 10. a3 Bxe3 11. fxe3 a6 12. b4 Qg5 13. Rf3 Qe5 14. Qd2 b5 15. Raf1 Bb7 16. Rg3 0-0-0 17. Rgf3 h5 18. Rf4 Ng4 19. g3 f6 20. a4 Nxb4 21. axb5 Nxd3 22. cxd3 axb5 23. Rc1 Kb8 24. d4 Qd6 25. Nxb5 Qb6 26. Nc3 Rc8 27. Rff1 Rc4 28. Rb1 Qc6 29. Rb3 Rxc3 30. Rxc3 Qxe4 31. d5 Bxd5 32. Rb3+ Bxb3 33. Qd6+ Kc8 34. Rc1+ Kd8 35. Qb6+ Ke7 0-1

[Event "Figueres op 12th"]
[Site "Figueres"]
[Date "2011.08.15"]
[Round "6"]
[White "Romero Isado, Jose Luis"]
[Black "Gil Clariana, Jordi"]
[Result "1/2-1/2"]
[WhiteElo "1693"]
[BlackElo "1828"]
[PlyCount "73"]
[EventDate "2011.08.11"]
[EventType "swiss"]
[EventRounds "9"]
[EventCountry "ESP"]
[SourceTitle "CBM 143 Extra"]
[Source "ChessBase"]
[SourceDate "2011.08.29"]
[SourceVersion "1"]
[SourceVersionDate "2011.08.29"]
[SourceQuality "1"]

1. e4 e5 2. Nf3 Nc6 3. Bb5 d6 4. d4 exd4 5. Nxd4 Bd7 6. Nxc6 bxc6 7. Bc4 Be6 8. Bxe6 fxe6 9. 0-0 Nf6 10. Re1 Be7 11. e5 dxe5 12. h3 Qxd1 13. Rxd1 0-0 14. c4 Bc5 15. Be3 Bxe3 16. fxe3 Rfd8 17. Nc3 Kf7 18. b3 e4 19. Kf2 e5 20. Na4 Rd6 21. Nc5 Rad8 22. Ke2 Ke7 23. Nb7 Rxd1 24. Rxd1 Rxd1 25. Kxd1 Nd7 26. b4 Nb6 27. Na5 Kd7 28. Kd2 Nc8 29. Nb3 Nd6 30. Na5 Nf5 31. Ke2 h5 32. Nb3 Nd6 33. Na5 g5 34. g3 Nf5 35. Kf2 Ng7 36. Nb7 Ne6 37. Nc5+ 1/2-1/2

[Event "Olot Volcans op 2nd"]
[Site "Olot"]
[Date "2011.04.16"]
[Round "4"]
[White "Badosa Romanyo, Albert"]
[Black "Romero Isado, Jose Luis"]
[Result "1-0"]
[WhiteElo "1783"]
[BlackElo "1693"]
[PlyCount "91"]
[EventDate "2011.04.09"]
[EventType "swiss"]
[EventRounds "8"]
[EventCountry "ESP"]
[SourceTitle "CBM 142 Extra"]
[Source "ChessBase"]
[SourceDate "2011.06.27"]
[SourceVersion "1"]
[SourceVersionDate "2011.06.27"]
[SourceQuality "1"]

1. d4 d5 2. c4 e6 3. Nc3 Nf6 4. Bg5 Be7 5. e3 h6 6. Bh4 Nbd7 7. Nf3 b6 8. cxd5 exd5 9. a3 Bb7 10. b4 0-0 11. Be2 c5 12. bxc5 bxc5 13. 0-0 c4 14. Rb1 Ba6 15. Qa4 Bc8 16. Qc6 Nb6 17. Bxf6 gxf6 18. Nxd5 Bd7 19. Nxe7+ Qxe7 20. Qc5 Qe6 21. Rfc1 Rac8 22. Qa5 Rc7 23. Nd2 Rfc8 24. Rc3 Qf5 25. Qxf5 Bxf5 26. Rbc1 Be6 27. Bd1 f5 28. f3 f4 29. e4 f6 30. Bb3 Rg7 31. Nxc4 Nxc4 32. Bxc4 Bxc4 33. Rxc4 Rb8 34. Rc8+ Rxc8 35. Rxc8+ Kh7 36. d5 Rd7 37. g3 Rg7 38. Kf2 fxg3+ 39. hxg3 Kg6 40. Ke3 Re7 41. Kd4 Kf7 42. f4 Rb7 43. e5 f5 44. e6+ Kf6 45. Rf8+ Rf7 46. exf7 1-0